| 000 | 00370nam a2200157Ia 4500 | ||
|---|---|---|---|
| 100 | _aSchilling/Melissa A | ||
| 942 | _cBK | ||
| 366 | _f23 | ||
| 654 | _amanagement | ||
| 245 | _aStrategic Management of technological innovation | ||
| 260 |
_bTata Mc Graw hill Ltd. _c2008 |
||
| 082 |
_a658.4012 _bSCH |
||
| 300 | _a313 | ||
| 546 |
_aENGLISH _cInfo.Tech |
||
| 999 |
_c30294 _d30294 |
||